Państwa które są lubiane przez Indie - Statystyki

Ogólne statystyki
  • Ten quiz został rozwiązany 140 razy
  • Średni wynik to 6 z 13
Statystyki odpowiedzi
# Kraj % Poprawnych
12 Wielka Brytania
72%
6 Japonia
69%
4 Sri Lanka
62%
8 Tajlandia
61%
9 Korea Południowa
59%
5 Australia
54%
13 Iran
54%
11 Francja
53%
2 Mjanma
47%
3 Malediwy
35%
1 Afganistan
33%
7 Singapur
32%
10 Jamajka
2%
Nie znaleziono quizów pasujących do podanych kryteriów
Rozkład punktacji
Procent ludzi z każdym wynikiem
Percentyl według liczby udzielonych odpowiedzi
Twoja historia wyników
Nie rozwiązałeś tego quizu